Регионална библиотека "Любен Каравелов" - Русе

Археологически открития и разкопки през 2004 г. (Запис номер 63579)

MARC детайли
000 -Лидер
Контролно поле с фиксирана дължина 01534nam a2200349 c 4500
003 - Код на организацията, давaща контролен номер
Контролно поле BLK
005 - Дата и час на последна редакция
Контролно поле 20190321114128.0
008 - Елементи от данни с фиксирана дължина
fixed length control field 180408b bul|||||r ||||||| ||bul||
010 ## - Наследен системен номер
LC control number KNG00067819000
040 ## - Източник на каталожния запис
Идентификатор на билиотеката - собственик на записа BLK
041 ## - Код за език
Код за езика на текст/звукозапис или на отделно заглавие Български
Код за езика КДБФ Български
080 ## - УДК
Текстов определител УДК Паметници на културата на историческите периоди. Археологическите паметници. Старини
УДК код - определител по УДК 904
УДК определител (497.2)"2004"(063)
УДК - код + определител 904(497.2)"2004"(063)
139 ## - Редно поле
Редна дума Археологически открития и разкопки
Авторски знак Арх - А 90
245 10 - Сведения за заглавието
Заглавие Археологически открития и разкопки през 2004 г.
Подзаглавни данни XLIV Нац. археол. конф. : Резюмета
Редно поле (дума) ред. кол. Сергей Борисов Торбатов.
257 ## - Страна на издаване
Страна на създаване/издаване България
260 ## - Област на издателските данни
-- София
Име на издателя, разпространителя и проч. БАН
Година на издаване 2005
300 ## - Физическа характеристика
Страници 336 с.
Размери/Мащаб 24 см
380 ## - Жанр
Жанр История
500 ## - Общи забележки
Забележка Изд. на БАН. Археол. институт с музей.
650 #4 - Допълнително описание по предмет – тема
Основно описание – тема или топоним България - старини
9 (RLIN) 262139
650 #4 - Допълнително описание по предмет – тема
Основно описание – тема или топоним Археологични находки - България
9 (RLIN) 273888
651 #4 - Допълнително описание по предмет - топоним
Географско понятие България
9 (RLIN) 241624
653 ## - Ключова дума – ненормативна
Ключова дума археологически разкопки
653 ## - Ключова дума – ненормативна
Ключова дума археологични находки
653 ## - Ключова дума – ненормативна
Ключова дума конференции
700 1# - Други автори (авторска отговорност)
Лично име Торбатов, Сергей Борисов
Автороска отговорност (Описва отношението между автора и произведението) ред. кол.
9 (RLIN) 367083
852 ## - Местоположение
Форматна сигнатура Цб 229019
856 4# - Електронен адрес и достъп
Електронен формат pdf - файл
Път до файла /url/
856 4# - Електронен адрес и достъп
Електронен формат pdf - файл
Път до файла /url/
942 ## - АРТИКУЛИ
Вид на библиотечния материал Книги
Скрит в OPAC Не
Koha issues (borrowed), all copies 2
944 ## - СЪЗДАВАНЕ И РЕДАКЦИЯ на ЗАПИСА
Създаване/Редакция Създаване
Дата на регистрацията/редакция 22.08.2006
Статус, дата на статуса ф /
Служител, извършил регистрацията/редакцията Людмила_Стоянова
944 ## - СЪЗДАВАНЕ И РЕДАКЦИЯ на ЗАПИСА
Създаване/Редакция Редакция
Дата на регистрацията/редакция 04.04.2014
Статус, дата на статуса ф /
Служител, извършил регистрацията/редакцията
999 ## - СИСТЕМНИ КОНТРОЛНИ НОМЕРА
Koha biblionumber 63579
Koha biblioitemnumber 63579
Наличности
Код за отписване Код за изгубен артикул Код за повреда Коз за рестрикции Код за отдаване Артикулен № Име на библиотеката - собственик Име на библиотеката, в която се намира в момента Статус (Текущо местоположение) Дата на вписване в системата Местоположение - отдел Цена в лева Инвентарен номер Систематично азбучна сигнатура Баркод Номер на екземпляра Цена в евро Служебна бележка Служебен тип на артикула
  Не е изгубен Не е повреден без рестрикции ползва се в читалня 105287 Регионална библиотека "Любен Каравелов" Русе Регионална библиотека "Любен Каравелов" Русе Хранилище 2006-08-22 Хранилище 0.00 120000704910 Цб 229019 120000704910 1 0.00 Дост: Dp Вид: Д N: 38 Дата: 07.09.2005 Книги
  Не е изгубен Не е повреден без рестрикции заемане за дома 105288 Регионална библиотека "Любен Каравелов" Русе Регионална библиотека "Любен Каравелов" Русе Заемна - подръчен фонд 2014-01-17 Заемна - подръчен фонд 18.00 120000773565 П 904/А 90 120000773565 2 9.20 Дост: DA Вид: А N: 2 Дата: 17.01.2014 Дата инв: 07.02.2018 Бележки инв: П2018 Книги
Vip Innovations Ltd, Rousse, Bulgaria 2025